|
|
|
|
| LEADER |
01274nta a2200241 i 4500 |
| 001 |
dolg26214 |
| 005 |
20231106115049.0 |
| 008 |
231106suuuu hu o 0|| hun d |
| 040 |
|
|
|a PEREPO DOLGOZAT
|b hun
|
| 041 |
|
|
|a hun
|
| 100 |
1 |
|
|a Szőke Beatrix
|
| 245 |
1 |
0 |
|a Rent or buy? Kedvező ár? De milyen áron?
|h [elektronikus dokumentum] /
|c Beatrix Szőke
|
| 520 |
3 |
|
|a A dolgozatomban kifejtett fő kérdése az, hogy a területkarbantartáshoz szükséges eszközök megvásárlása a kedvezőbb, vagy a teljes területkarbantartási tevékenység kihelyezése külső vállalkozáshoz, vagyis az outsourcing lehetősége kerül előtérbe. Az ismert „Make or Buy” szemléletet alakítom a jelen esetben releváns „Rent or Buy” kérdéssé.
|
| 695 |
|
|
|a Autóipari Próbapálya Zala kft. - APZ kft.(Zalaegerszeg)
|
| 695 |
|
|
|a számvitel - könyvvitel
|
| 695 |
|
|
|a controlling - kontrolling
|
| 695 |
|
|
|a kiszervezés - outsourcing
|
| 695 |
|
|
|a Gartner Intertrans Hungária Kft. (Zalaegerszeg)
|
| 695 |
|
|
|a eszközgazdálkodás
|
| 695 |
|
|
|a költség
|
| 695 |
|
|
|a költségszámítás - költségtervezés
|
| 700 |
2 |
|
|a Deákné Gál Anikó
|e ths
|
| 856 |
4 |
0 |
|u https://perepo-dolgozat.uni-pannon.hu/id/eprint/26214/1/sz%C5%91ke_beatrix_2019TDK.pdf
|z Dokumentum-elérés
|